Hodnotenie podpory inovácií v rámci regionálnej politiky EÚ diplomová práca

Salvato in:
Dettagli Bibliografici
Autore principale: Klištincová, Barbora
Ente Autore: Národohospodárska fakulta EU. Katedra verejnej správy a regionálneho rozvoja
Altri autori: Šipikal, Miroslav, 1976-
Natura: Libro
Lingua:slovacco
Pubblicazione: Bratislava 2015
Tags: Aggiungi Tag
Nessun Tag, puoi essere il primo ad aggiungerne!!

MARC

LEADER 00000nbm a2200000 4500
001 0202582
005 20161212095817.3
041 0 |a slo 
044 |a SK 
245 1 0 |a Hodnotenie podpory inovácií v rámci regionálnej politiky EÚ  |b diplomová práca  |c Barbora Klištincová ; školiteľ: Miroslav Šipikal 
264 1 |a Bratislava  |c 2015 
300 |a 71 s. 
100 1 |a Klištincová, Barbora 
700 1 |a Šipikal, Miroslav, 1976- 
710 2 |a Národohospodárska fakulta EU. Katedra verejnej správy a regionálneho rozvoja